| 000 | 00645nam a22002297a 4500 | ||
|---|---|---|---|
| 005 | 20170124110156.0 | ||
| 010 | _aA-143243 | ||
| 020 | _c00.00 | ||
| 037 | _bCen Lib/Ret | ||
| 040 |
_aDPL _bEN |
||
| 082 |
_a181.45 _bMAI |
||
| 100 |
_aMainkar, T.G. _935140 |
||
| 245 |
_aThe vasistha ramayana : _cby T.G. Mainkar _ba study / |
||
| 260 |
_aNew Delhi _bMeharchand Lachhmandas _c1977 |
||
| 270 |
_a2736,Darya Ganj _bNew Delhi _e110002 |
||
| 300 |
_axi,256p. _c21cm(Hb) |
||
| 500 | _aIncludes index | ||
| 650 |
_aYogavāsiṣṭha _935141 |
||
| 650 |
_aVedanta _926357 |
||
| 700 | _935082 | ||
| 942 |
_2ddc _cEN _h181.45 _mMAI |
||
| 999 |
_c132571 _d132571 |
||